000 00666nam a22001937a 4500
999 _c172003
_d172003
005 20200124130645.0
010 _aUR-10679
020 _c80.00
_a-
035 _aU-9234
037 _bDBAD/PUB
_a-
082 _a840.08
100 _aمر تبہ:شا ہد عز يز
245 _aتز کر ہءشعر ا ۓ ا و د ے پو ر
_cمر تبہ: شا ہد عز يز
246 _bTazkera Shora-e-Udaypur (Urdu)
_aEdited by Shahid Azeez
260 _aRajisthan
_bRajisthan Urdu Academy
_c2000 ء
270 _aJ-3,Subhash Marg,"C"Scheme,
_bJaipur
_e302001
_k0141382664
_l-
300 _a128 ص
_c22 Cm(Hb)
942 _2ddc
_cUR
_h840.08
_mت ز ک